=LDR 00000nam 2200000 4500 =001 INLIS000000000037916 =005 20141222120526.0 =006 =007 =008 Ind =035 ##$$0010-061300000037916 =041 ##$$a Ind =082 ##$$a 642.72 =090 ##$$a 642.72, Sar a =100 ##$$a Sari, Nurma Ratna =245 ##$$a All about cosmetic cara pintar memilih kosmetik, Nurma Ratna Sari =260 ##$$a 2011 $b Jakarta =300 ##$$a 176 hlm, ilus, 20 cm =650 ##$$a Kosmetika =850 ##$$a NBPNMAT =990 ##$$a 0001/BPAP-NTB/20142015